Random Catalan Words - Statistics

General Stats
  • This quiz has been taken 430 times
  • The average score is 14 of 22
Answer Stats
Catalan English % Correct
Gràcies Thanks
94%
Gat Cat
92%
Quatre Four
91%
Trist Sad
81%
Pel·lícula Movie
78%
Dona Woman
77%
Cavall Horse
76%
Arbre Tree
76%
Llibre Book
74%
Com How
62%
Pare Father
58%
Voler To want
54%
Cel Sky
53%
Trobar To find
53%
Bastant Quite
51%
Sense Without
50%
Matí Morning
49%
Carrer Street
48%
Guant Glove
46%
Això This/that
45%
Avi Grandfather
39%
Groc Yellow
39%
No matching quizzes found
Score Distribution
Percent of People with Each Score
Percentile by Number Answered
Your Score History
You have not taken this quiz